Cảng biển Việt Nam

Tập hợp một số văn bản quy phạm pháp luật, một số bài viết tổng quát về cảng biển Việt Nam và giới thiệu một số cảng biển nổi tiếng ở Việt Nam.

Sparad:
Bibliografiska uppgifter
Huvudupphovsman: Sông Lam
Övriga upphovsmän: Thái Quỳnh
Materialtyp: Bok
Språk:Undetermined
Publicerad: H. Thanh niên 2012
Ämnen:
Länkar:http://lrc.tdmu.edu.vn/opac/search/detail.asp?aID=2&ID=19048
Taggar: Lägg till en tagg
Inga taggar, Lägg till första taggen!
Thư viện lưu trữ: Trung tâm Học liệu Trường Đại học Thủ Dầu Một
LEADER 00962nam a2200217Ia 4500
001 TDMU_19048
008 210410s9999 xx 000 0 und d
082 |a 387.1 
090 |b S455 
100 |a Sông Lam 
245 0 |a Cảng biển Việt Nam 
245 0 |c Sông Lam, Thái Quỳnh (tuyển chọn) 
260 |a H. 
260 |b Thanh niên 
260 |c 2012 
300 |a 184 tr. 
520 |a Tập hợp một số văn bản quy phạm pháp luật, một số bài viết tổng quát về cảng biển Việt Nam và giới thiệu một số cảng biển nổi tiếng ở Việt Nam. 
650 |a Biển  |z Việt Nam; Lãnh hải  |z Việt Nam; Chủ quyền  |z Việt Nam; Việt Nam  |x Cảng biển 
700 |a Thái Quỳnh 
856 |u http://lrc.tdmu.edu.vn/opac/search/detail.asp?aID=2&ID=19048 
980 |a Trung tâm Học liệu Trường Đại học Thủ Dầu Một